Shifting homes and transnational identities / (Record no. 151524)

MARC details
000 -LEADER
fixed length control field 00621nam a22001937a 4500
005 - DATE AND TIME OF LATEST TRANSACTION
control field 20180419140815.0
010 ## - LCCN (DPL NO)
LC control number ENG-122643
020 ## - INTERNATIONAL STANDARD BOOK NUMBER
Terms of availability 575.00
International Standard Book Number 9789383043040
035 ## - SYSTEM CONTROL NUMBER
System control number EN-106175
037 ## - SOURCE OF ACQUISITION
Source of stock number/acquisition DBAD/PUB
082 ## - DEWEY DECIMAL CLASSIFICATION NUMBER
Classification number 883.009954
100 ## - MAIN ENTRY--PERSONAL NAME
Personal name Arti Nirmal
245 ## - TITLE STATEMENT
Title Shifting homes and transnational identities /
Statement of responsibility, etc by Arti Nirmal
260 ## - PUBLICATION, DISTRIBUTION, ETC. (IMPRINT)
Date of publication, distribution, etc 2015
Place of publication, distribution, etc New Delhi
Name of publisher, distributor, etc Satyam Books
270 ## - ADDRESS
Address 2/13,Ansari Road Daryaganj,
City New Delhi
Postal code 110002
Telephone number 011-23242686,23245698
Electronic mail address satyambooks@hotmail.com
300 ## - PHYSICAL DESCRIPTION
Dimensions 22cm(Hb)
Extent 174P.
500 ## - GENERAL NOTE
General note It includes index
942 ## - ADDED ENTRY ELEMENTS (KOHA)
Item type English Books
Source of classification or shelving scheme Dewey Decimal Classification
Call number suffix ART
Classification part 883.009954
Holdings
Withdrawn status Lost status Not for loan Collection code Home library Current library Date acquired Source of acquisition Cost, normal purchase price Full call number Barcode Copy number Cost, replacement price Koha item type
    Not For Loan Non-fiction D.B.Act.Division Bawana 19/04/2018 DBAD/PUB 575.00 883.009954 ART EN-106175 1 575.00 English Books

© Delhi Public Library
Hit Counter
free hit counter